| 000 | 01412cam a2200421 4500 | ||
|---|---|---|---|
| 999 |
_c24027 _d24027 |
||
| 001 | vtls011759519 | ||
| 005 | 20251105121203.0 | ||
| 008 | 200104s2018 xo o g h 000 0aslo | ||
| 020 |
_a9788097304867 _q(viazané) |
||
| 035 | _aurn:nbn:sk:snk-am00d3si | ||
| 035 | _aurn:nbn:sk:snk-am3hkpo | ||
| 035 | _aA9B1A11B-11DA-40BE-AF55-180BA0144782 | ||
| 040 |
_aSVKBB _bslo _cSVKBB _dSNK _erda |
||
| 041 | 0 | _aslo | |
| 044 |
_axo _cSK |
||
| 072 | 7 |
_a929 _xBiografie _2konspekt |
|
| 080 |
_a656.125:629.351 _22011 |
||
| 080 |
_a(092) _22011 |
||
| 080 |
_a316.346.2-055.2 _22011 |
||
| 100 | 1 |
_aZacher Pajpachová, Jarmila _4aut _4pht _95245 |
|
| 245 | 1 | 0 |
_aMôj život kamionistky _cJarmila Zacher Pajpachová |
| 250 | _a1. vydanie | ||
| 264 | 1 |
_a[Biskupice] _b[Jarmila Zacher Pajpachová] _c2018 |
|
| 300 |
_a128 strán _bfarebné fotografie _c22 cm |
||
| 336 |
_atext _btxt _2rdacontent |
||
| 337 |
_abez média _bn _2rdamedia |
||
| 338 |
_azväzok _bnc _2rdacarrier |
||
| 500 | _aVydavateľské údaje podľa NA ISBN | ||
| 600 | 1 | 7 |
_aZacher Pajpachová, Jarmila _2SNKMA _95245 |
| 650 | 0 | 7 |
_akamiónová doprava _2SNKPH _95248 |
| 650 | 0 | 7 |
_aTruck transport _2SNKPHeng _95249 |
| 650 | 0 | 7 |
_aženy _2SNKPH _91873 |
| 650 | 0 | 7 |
_aWomen _2SNKPHeng _91878 |
| 655 | 7 |
_aAutobiography _2SNKPHeng _91793 |
|
| 655 | 7 |
_aautobiografie _2SNKPH _91792 |
|
| 958 | _aBX | ||